000 00934nam a22002177a 4500
003 OSt
005 20260203061209.0
008 260203b |||||||| |||| 00| 0 eng d
020 _a0060234938
040 _aDWCL GS lib
_cOC
082 _aF L674 1956
100 _aLEWIS, C.S.
245 _aTHE LAST BATTLE :
_bTHE CHRONICLES OF NARNIA /
_cC.S. LEWIS
260 _aNew York
_bHarperCollinsPublishers
_cc1956.
300 _avii, 228 pages:
_billustrations ;
_c23cm.
520 _aThe Last Battle by C.S. Lewis concludes the Chronicles of Narnia, chronicling the end of the world through a false Aslan deception orchestrated by an ape (Shift) using a donkey (Puzzle). King Tirian, assisted by Jill and Eustace, fights the Calormene invaders before Aslan brings the world to judgment, leading the faithful to the "True Narnia".
546 _aEnglish
650 _aFantasy
700 _aC.S. LEWIS
942 _2ddc
_cFIC.
_hFic.
_n0
999 _c8195
_d8195